[Event "4. Open Ciudad de Tres Cantos 2012"]
[Site "Tres Cantos ESP"]
[Date "2012.06.21"]
[Round "1.1"]
[White "Yeves Miquel, Enrique"]
[Black "Rausis, Igor"]
[Result "0-1"]
[WhiteElo "1748"]
[BlackElo "2514"]
[PlyCount "34"]
[EventDate "2012.06.21"]
[EventType "swiss"]
[EventRounds "9"]
[EventCountry "ESP"]
[Source "lmi"]
[SourceDate "2012.06.21"]

1. d4 d5 2. c4 dxc4 3. e3 Be6 4. Na3 c5 5. Bxc4 Bxc4 6. Nxc4 cxd4 7. exd4 e6 8.
Qa4+ Nc6 9. Nf3 Bb4+ 10. Bd2 Bxd2+ 11. Ncxd2 Nf6 12. O-O O-O 13. Rfd1 Qd7 14.
Nc4 Rfd8 15. Nce5 Nxe5 16. Qxd7 Nxf3+ 17. gxf3 Rxd7 0-1

[Event "4. Open Ciudad de Tres Cantos 2012"]
[Site "Tres Cantos ESP"]
[Date "2012.06.21"]
[Round "1.2"]
[White "Renteria, Jorge"]
[Black "Mauro Juarez, Benito"]
[Result "1-0"]
[WhiteElo "2326"]
[BlackElo "1728"]
[PlyCount "61"]
[EventDate "2012.06.21"]
[EventType "swiss"]
[EventRounds "9"]
[EventCountry "ESP"]
[Source "lmi"]
[SourceDate "2012.06.21"]

1. e4 c5 2. Nf3 e6 3. d4 cxd4 4. Nxd4 Nf6 5. Nc3 Nc6 6. Ndb5 Bb4 7. a3 Bxc3+ 8.
Nxc3 d5 9. Bd3 O-O 10. O-O Qb6 11. h3 h6 12. exd5 exd5 13. Nb5 Ne5 14. Be3 Qa5
15. b4 Qd8 16. Bc5 a6 17. Bxf8 Kxf8 18. Nd4 Qc7 19. Nf3 Nxd3 20. Qxd3 Bd7 21.
Nd4 Qf4 22. g3 Qg5 23. h4 Qg4 24. Rfe1 g5 25. Nf3 Bb5 26. Ne5 Qh3 27. Qd4 Kg7
28. a4 Bc4 29. Re3 Ne4 30. Nxc4+ f6 31. Qxd5 1-0

[Event "4. Open Ciudad de Tres Cantos 2012"]
[Site "Tres Cantos ESP"]
[Date "2012.06.21"]
[Round "1.3"]
[White "Martinez Miura, Enrique"]
[Black "Adan Bermudez, Sergio"]
[Result "0-1"]
[WhiteElo "1724"]
[BlackElo "2320"]
[PlyCount "60"]
[EventDate "2012.06.21"]
[EventType "swiss"]
[EventRounds "9"]
[EventCountry "ESP"]
[Source "lmi"]
[SourceDate "2012.06.21"]

1. e4 d6 2. d4 Nf6 3. Nc3 Nbd7 4. Be3 c6 5. h3 b5 6. a3 a5 7. Bd3 Bb7 8. Nf3 e5
9. O-O Be7 10. Qd2 O-O 11. Ne2 d5 12. dxe5 Nxe4 13. Bxe4 dxe4 14. Ng5 Nxe5 15.
Qxd8 Raxd8 16. Nxe4 Nc4 17. Bc5 Rfe8 18. Bxe7 Rxe7 19. N2g3 Nxb2 20. Nc5 Bc8
21. a4 Re5 22. Nd3 Nxd3 23. cxd3 b4 24. Rfe1 Rxe1+ 25. Rxe1 Be6 26. f4 Rxd3 27.
Nf5 Kf8 28. Ne3 b3 29. f5 Rxe3 30. Rxe3 b2 0-1

[Event "4. Open Ciudad de Tres Cantos 2012"]
[Site "Tres Cantos ESP"]
[Date "2012.06.21"]
[Round "1.4"]
[White "Rodrigo Yanguas, Maria"]
[Black "Herranz Sanchez, Pablo"]
[Result "1-0"]
[WhiteElo "2198"]
[BlackElo "1724"]
[PlyCount "71"]
[EventDate "2012.06.21"]
[EventType "swiss"]
[EventRounds "9"]
[EventCountry "ESP"]
[Source "lmi"]
[SourceDate "2012.06.21"]

1. e4 c5 2. Nf3 e6 3. d4 cxd4 4. Nxd4 Nc6 5. Nc3 Nf6 6. Nxc6 bxc6 7. e5 Nd5 8.
Nxd5 cxd5 9. Bd3 Be7 10. Qg4 g6 11. Bh6 Qc7 12. Qg3 Rb8 13. O-O Rxb2 14. a4 Rb8
15. Kh1 Bf8 16. Bxf8 Kxf8 17. f4 Kg7 18. f5 exf5 19. Rxf5 Rf8 20. Raf1 Qd8 21.
R5f3 Rb6 22. c4 Bb7 23. c5 Rb4 24. a5 Qe7 25. a6 Bc6 26. Qf2 Bb5 27. Re1 Bxd3
28. Rxd3 Ra4 29. Rxd5 Rxa6 30. Red1 Rd8 31. h3 Rc6 32. Qd4 Rc7 33. e6+ Qf6 34.
Rxd7 Qxd4 35. R1xd4 Rdc8 36. e7 1-0

[Event "4. Open Ciudad de Tres Cantos 2012"]
[Site "Tres Cantos ESP"]
[Date "2012.06.21"]
[Round "1.5"]
[White "Gonzalez Marquez, Jorge"]
[Black "Pastor Alonso De Prado, Alberto"]
[Result "0-1"]
[WhiteElo "1721"]
[BlackElo "2191"]
[PlyCount "64"]
[EventDate "2012.06.21"]
[EventType "swiss"]
[EventRounds "9"]
[EventCountry "ESP"]
[Source "lmi"]
[SourceDate "2012.06.21"]

1. e4 e5 2. Nf3 Nc6 3. Bc4 Be7 4. Nc3 Nf6 5. d4 exd4 6. Nxd4 d6 7. O-O O-O 8.
Nxc6 bxc6 9. Be2 d5 10. e5 Nd7 11. f4 Bc5+ 12. Kh1 Re8 13. Qd3 a5 14. Qg3 f6
15. Bh5 Re7 16. Bd2 Bd4 17. Bf3 Rb8 18. e6 Rxe6 19. Nxd5 Ba6 20. f5 Re5 21.
Bxa5 cxd5 22. c3 Bb6 23. Bxb6 Bxf1 24. Bd4 Rxf5 25. Rxf1 Kh8 26. b4 Ne5 27. a4
Nxf3 28. Rxf3 Rxf3 29. Qxf3 Qd6 30. a5 Re8 31. Qf2 Re4 32. g3 Qe6 0-1

[Event "4. Open Ciudad de Tres Cantos 2012"]
[Site "Tres Cantos ESP"]
[Date "2012.06.21"]
[Round "1.6"]
[White "Fernandez Blazquez, Diego"]
[Black "Lopez Perez, Iñigo"]
[Result "1-0"]
[WhiteElo "2185"]
[BlackElo "1720"]
[PlyCount "81"]
[EventDate "2012.06.21"]
[EventType "swiss"]
[EventRounds "9"]
[EventCountry "ESP"]
[Source "lmi"]
[SourceDate "2012.06.21"]

1. e4 Nf6 2. e5 Nd5 3. d4 d6 4. c4 Nb6 5. exd6 cxd6 6. Nc3 g6 7. Be3 Bg7 8. Rc1
O-O 9. b3 Bf5 10. Nf3 Nc6 11. d5 Ne5 12. Nd4 Bg4 13. f3 Bc8 14. Be2 f5 15. Qd2
Rf7 16. h3 a6 17. f4 Ned7 18. Ne6 Qe8 19. Nc7 Qd8 20. Nxa8 Nxa8 21. O-O Nf6 22.
Bf3 e6 23. dxe6 Bxe6 24. Rcd1 Qe8 25. Rfe1 Rd7 26. Bd4 Qf7 27. Bxf6 Bxf6 28.
Rxe6 Nc7 29. Re2 Qg7 30. Nd5 Nxd5 31. Bxd5+ Kf8 32. Re6 g5 33. Qe2 Rd8 34. Re1
Qg6 35. fxg5 Bd4+ 36. Kh1 Qxg5 37. Re8+ Rxe8 38. Qxe8+ Kg7 39. Qf7+ Kh6 40.
Re6+ Qg6 41. Qxf5 1-0

[Event "4. Open Ciudad de Tres Cantos 2012"]
[Site "Tres Cantos ESP"]
[Date "2012.06.21"]
[Round "1.7"]
[White "Benitez Cadenas, Luis Miguel"]
[Black "Rivera Leon, Mauro Arturo"]
[Result "0-1"]
[WhiteElo "1719"]
[BlackElo "2097"]
[PlyCount "84"]
[EventDate "2012.06.21"]
[EventType "swiss"]
[EventRounds "9"]
[EventCountry "ESP"]
[Source "lmi"]
[SourceDate "2012.06.21"]

1. d4 Nf6 2. c4 c5 3. Nf3 cxd4 4. Nxd4 e5 5. Nf3 e4 6. Nd4 Bc5 7. e3 Nc6 8. Nb3
Bb4+ 9. Bd2 d5 10. Bxb4 Nxb4 11. Qd2 Qe7 12. a3 dxc4 13. Qxb4 Qxb4+ 14. axb4
cxb3 15. Bc4 Ke7 16. Bxb3 Rd8 17. Nc3 Bf5 18. Ke2 a6 19. Ra5 Bg4+ 20. f3 exf3+
21. gxf3 Be6 22. Bxe6 fxe6 23. Rc5 Rac8 24. Rxc8 Rxc8 25. Rg1 g6 26. Rd1 Rc4
27. Rd4 Rxd4 28. exd4 Nd5 29. b5 Nxc3+ 30. bxc3 axb5 31. Kd3 Kd6 32. Ke4 g5 33.
h3 b6 34. Ke3 Kd5 35. Kd3 h6 36. Kd2 Kc4 37. Kc2 b4 38. cxb4 b5 39. Kc1 Kxb4
40. Kb2 Kc4 41. d5 exd5 42. Kc2 Kd4 0-1

[Event "4. Open Ciudad de Tres Cantos 2012"]
[Site "Tres Cantos ESP"]
[Date "2012.06.21"]
[Round "1.8"]
[White "Galan Fernandez, Felix"]
[Black "Tolosana Esteban, Enrique"]
[Result "1-0"]
[WhiteElo "2085"]
[BlackElo "1718"]
[PlyCount "61"]
[EventDate "2012.06.21"]
[EventType "swiss"]
[EventRounds "9"]
[EventCountry "ESP"]
[Source "lmi"]
[SourceDate "2012.06.21"]

1. e4 Nc6 2. d4 d5 3. e5 Bf5 4. Nf3 e6 5. Be2 Be7 6. O-O Qd7 7. Be3 O-O-O 8. a4
Nb4 9. Ne1 f6 10. c3 Nc6 11. f4 Bxb1 12. Qxb1 h5 13. Nd3 Nh6 14. b4 Nf5 15. Bf2
fxe5 16. fxe5 g5 17. a5 g4 18. b5 Nb8 19. Nc5 Bxc5 20. dxc5 Qg7 21. Bd4 h4 22.
Rxf5 exf5 23. Qxf5+ Nd7 24. e6 Qh6 25. exd7+ Kb8 26. b6 Rhf8 27. bxc7+ Kxc7 28.
Qe5+ Kc6 29. Rb1 b6 30. Bb5+ Kb7 31. Qxd5+ 1-0

[Event "4. Open Ciudad de Tres Cantos 2012"]
[Site "Tres Cantos ESP"]
[Date "2012.06.21"]
[Round "1.9"]
[White "Garcia Hernandez, Javier"]
[Black "Aguado Solana, Juan"]
[Result "0-1"]
[WhiteElo "1713"]
[BlackElo "2083"]
[PlyCount "70"]
[EventDate "2012.06.21"]
[EventType "swiss"]
[EventRounds "9"]
[EventCountry "ESP"]
[Source "lmi"]
[SourceDate "2012.06.21"]

1. d4 Nf6 2. c4 c5 3. d5 b5 4. cxb5 g6 5. Nc3 d6 6. e4 a6 7. bxa6 Bg7 8. Nf3
Bxa6 9. Bxa6 Nxa6 10. O-O O-O 11. e5 dxe5 12. Nxe5 Nb4 13. Nc4 Qb8 14. Ne3 Rd8
15. Qb3 Nfxd5 16. Nexd5 Nxd5 17. Qxb8 Raxb8 18. Nxd5 Rxd5 19. Rb1 c4 20. Re1 c3
21. b4 c2 22. Rb3 Rd1 23. Kf1 Rbd8 24. Be3 Rxe1+ 25. Kxe1 Rd1+ 26. Ke2 Bd4 27.
Bd2 c1=Q 28. Bxc1 Rxc1 29. b5 Bb6 30. Rb2 Kf8 31. Kf3 Ke8 32. Ke4 e6 33. Ke5
Ke7 34. a4 Rc4 35. a5 f6# 0-1

[Event "4. Open Ciudad de Tres Cantos 2012"]
[Site "Tres Cantos ESP"]
[Date "2012.06.21"]
[Round "1.10"]
[White "Ledo Galan, Jose Emilio"]
[Black "Sorribes Calle, Pablo"]
[Result "1-0"]
[WhiteElo "2079"]
[BlackElo "1692"]
[PlyCount "85"]
[EventDate "2012.06.21"]
[EventType "swiss"]
[EventRounds "9"]
[EventCountry "ESP"]
[Source "lmi"]
[SourceDate "2012.06.21"]

1. e4 c5 2. Nf3 a6 3. d4 cxd4 4. Nxd4 Nf6 5. Nc3 e5 6. Nf3 Nc6 7. a3 h6 8. Bc4
d6 9. O-O Be7 10. Re1 O-O 11. Nd5 Bg4 12. Be3 Nxd5 13. Bxd5 Qc7 14. Qd2 Bxf3
15. gxf3 Nd4 16. Bxd4 exd4 17. Kh1 Bf6 18. Rg1 Kh7 19. Rg4 Rac8 20. Bb3 Qe7 21.
Rag1 Rc5 22. Qd3 Kh8 23. f4 Rh5 24. f3 Rg8 25. Bd5 Rxd5 26. exd5 Re8 27. Rd1
Qe3 28. Qxe3 dxe3 29. c3 h5 30. Rg2 Bh4 31. Re2 g5 32. Rd4 f5 33. fxg5 Bxg5 34.
f4 Bh4 35. Kg2 Bd8 36. Kf3 Kg7 37. Rxe3 Rxe3+ 38. Kxe3 Bb6 39. Kd3 Bxd4 40.
Kxd4 h4 41. c4 b6 42. b4 Kf6 43. c5 1-0

[Event "4. Open Ciudad de Tres Cantos 2012"]
[Site "Tres Cantos ESP"]
[Date "2012.06.21"]
[Round "1.11"]
[White "Corral Sanchez, Jesus"]
[Black "Arauz Alonso, Fernando"]
[Result "0-1"]
[WhiteElo "1673"]
[BlackElo "2059"]
[PlyCount "102"]
[EventDate "2012.06.21"]
[EventType "swiss"]
[EventRounds "9"]
[EventCountry "ESP"]
[Source "lmi"]
[SourceDate "2012.06.21"]

1. e4 c6 2. d4 d5 3. Nc3 dxe4 4. Nxe4 Bf5 5. Ng3 Bg6 6. Nf3 Nd7 7. Bd3 e6 8. h4
Ngf6 9. h5 Bxd3 10. Qxd3 Qc7 11. Bd2 O-O-O 12. O-O-O c5 13. Qe2 Bd6 14. Ne4
Nxe4 15. Qxe4 Kb8 16. Kb1 Nf6 17. Qe2 Rc8 18. Rc1 Rhd8 19. Bg5 Qb6 20. c3 h6
21. Bh4 Rd7 22. Ne5 Rdc7 23. Nc4 Qa6 24. Rce1 Bf4 25. Bxf6 gxf6 26. dxc5 Rxc5
27. Na3 Qb6 28. Ka1 Be5 29. Nb1 Qc6 30. Rh3 Qxg2 31. Rd3 a6 32. Red1 Qc6 33.
Qd2 Rd5 34. Rxd5 Qxd5 35. Qe2 Qc4 36. Qf3 Qf4 37. Qe2 Qc4 38. Rd3 Rc7 39. Qd1
Qc5 40. Qe2 Ka7 41. Qd2 Qc4 42. Qe3+ b6 43. Qf3 f5 44. a3 Bf6 45. Rd1 Qe4 46.
Qh3 Qc6 47. Rd3 Rd7 48. Nd2 Rd5 49. Nb3 Qd7 50. Rg3 a5 51. Rg8 a4 0-1

[Event "4. Open Ciudad de Tres Cantos 2012"]
[Site "Tres Cantos ESP"]
[Date "2012.06.21"]
[Round "1.12"]
[White "Julian Serra, Rogelio"]
[Black "Sierra Bermejo, Gregorio"]
[Result "1/2-1/2"]
[WhiteElo "2057"]
[BlackElo "1663"]
[PlyCount "92"]
[EventDate "2012.06.21"]
[EventType "swiss"]
[EventRounds "9"]
[EventCountry "ESP"]
[Source "lmi"]
[SourceDate "2012.06.21"]

1. c4 f5 2. Nc3 Nf6 3. g3 e6 4. Bg2 Be7 5. Nf3 O-O 6. O-O d6 7. d3 Nc6 8. Rb1
a6 9. b4 e5 10. Bg5 Be6 11. a4 Ng4 12. Bxe7 Qxe7 13. b5 Nd8 14. Nd5 Bxd5 15.
cxd5 b6 16. Rb4 Nb7 17. Qc2 Nc5 18. Rc4 axb5 19. axb5 Qf7 20. Ng5 Qh5 21. Nh3
Ra7 22. Qd2 h6 23. f3 Nf6 24. e4 fxe4 25. dxe4 Rfa8 26. Rb1 Ra2 27. Rc2 Ra1 28.
Qd1 R1a3 29. Nf2 Qg5 30. Qe2 Ra1 31. Rxa1 Rxa1+ 32. Bf1 Nh5 33. Ng4 Nf6 34. Ne3
Ra3 35. Nf5 Nh5 36. h4 Qd8 37. Kh2 Kh7 38. Bh3 g6 39. Ne3 Qf8 40. Bg2 Nf4 41.
Qd2 Rd3 42. Qf2 Nxg2 43. Kxg2 Rb3 44. Rb2 Nd3 45. Rxb3 Nxf2 46. Kxf2 Qc8
1/2-1/2

[Event "4. Open Ciudad de Tres Cantos 2012"]
[Site "Tres Cantos ESP"]
[Date "2012.06.21"]
[Round "1.14"]
[White "Baeza Escudero, Javier"]
[Black "Algaba Traspuesto, Jose Antonio"]
[Result "0-1"]
[WhiteElo "2031"]
[BlackElo "1650"]
[PlyCount "138"]
[EventDate "2012.06.21"]
[EventType "swiss"]
[EventRounds "9"]
[EventCountry "ESP"]
[Source "lmi"]
[SourceDate "2012.06.21"]

1. e4 c6 2. d4 d5 3. Nd2 dxe4 4. Nxe4 Bf5 5. Ng3 Bg6 6. h4 h6 7. h5 Bh7 8. Nf3
Nf6 9. Bd3 Bxd3 10. Qxd3 e6 11. Bd2 c5 12. O-O-O Nc6 13. Be3 Qb6 14. dxc5 Bxc5
15. Bxc5 Qxc5 16. Ne4 Nxe4 17. Qxe4 O-O 18. g4 Rad8 19. g5 hxg5 20. Rdg1 Qd5
21. Nxg5 Qxe4 22. Nxe4 Nd4 23. Kb1 Nf5 24. Rd1 b6 25. Rhg1 Kh8 26. Ng5 Kg8 27.
Nf3 f6 28. c3 Kf7 29. Kc2 Rh8 30. Kb3 Ke7 31. Rxd8 Kxd8 32. Nd4 Nxd4+ 33. cxd4
Rh7 34. Kc4 a6 35. Rh1 Kd7 36. f4 Kd6 37. a4 Rh8 38. Rh3 Rc8+ 39. Kd3 Kd5 40.
Rg3 Rh8 41. Rxg7 Rxh5 42. Rd7+ Kc6 43. Rf7 f5 44. b4 Rh3+ 45. Kd2 Rb3 46. Re7
Kd5 47. Ra7 Rxb4 48. Rxa6 Kxd4 49. a5 bxa5 50. Rxa5 Rb2+ 51. Ke1 Ke3 52. Re5+
Kxf4 53. Rxe6 Kf3 54. Ra6 f4 55. Ra4 Kg3 56. Ra8 Rb1+ 57. Kd2 Kf2 58. Rf8 f3
59. Rf7 Rb3 60. Re7 Rb4 61. Rf7 Re4 62. Rf8 Kg2 63. Rg8+ Kf1 64. Kd1 f2 65. Kd2
Re2+ 66. Kd1 Re4 67. Kd2 Rd4+ 68. Ke3 Ke1 69. Ra8 Rd1 0-1

[Event "4. Open Ciudad de Tres Cantos 2012"]
[Site "Tres Cantos ESP"]
[Date "2012.06.21"]
[Round "1.16"]
[White "Guerrero Villanueva, David"]
[Black "Hernandez Ramos, David"]
[Result "1-0"]
[WhiteElo "2021"]
[BlackElo "1619"]
[PlyCount "37"]
[EventDate "2012.06.21"]
[EventType "swiss"]
[EventRounds "9"]
[EventCountry "ESP"]
[Source "lmi"]
[SourceDate "2012.06.21"]

1. e4 e6 2. d4 d5 3. exd5 exd5 4. Bd3 Nf6 5. Ne2 Be7 6. O-O O-O 7. Bf4 Bg4 8.
f3 Bh5 9. Bg3 Bg6 10. Bxg6 fxg6 11. Nf4 Qd7 12. Re1 Na6 13. Nd3 c6 14. Ne5 Qd8
15. Qe2 Qb6 16. c3 Rfe8 17. b3 Nh5 18. Nd7 Nxg3 19. Qe6+ 1-0

[Event "4. Open Ciudad de Tres Cantos 2012"]
[Site "Tres Cantos ESP"]
[Date "2012.06.21"]
[Round "1.17"]
[White "Martin Garcia, Francisco Javier"]
[Black "Erice Alonso, Santiago"]
[Result "0-1"]
[WhiteElo "1612"]
[BlackElo "2010"]
[PlyCount "106"]
[EventDate "2012.06.21"]
[EventType "swiss"]
[EventRounds "9"]
[EventCountry "ESP"]
[Source "lmi"]
[SourceDate "2012.06.21"]

1. d4 d5 2. Nf3 Nf6 3. c4 c6 4. g3 dxc4 5. Bg2 g6 6. O-O Bg7 7. Ne5 O-O 8. Nxc4
Be6 9. Ne3 Nbd7 10. Nc3 Nb6 11. Nc2 Re8 12. e4 Bc4 13. Re1 e5 14. h3 exd4 15.
Nxd4 Nxe4 16. Be3 Nxc3 17. bxc3 Bd5 18. Bxd5 Qxd5 19. Qc1 Nc4 20. Rb1 b6 21.
Rd1 Rad8 22. Bg5 Rd7 23. Bh6 Bxh6 24. Qxh6 c5 25. Nf3 Qf5 26. Rxd7 Qxd7 27. Kh2
Qf5 28. Kg2 Qxb1 29. Ng5 Qf5 30. Qxh7+ Kf8 31. Qh8+ Ke7 32. Qh4 Kd7 33. Qxc4
Qxg5 34. Qxf7+ Re7 35. Qf3 Kc7 36. Qa8 Kd6 37. Qb8+ Ke6 38. Qg8+ Rf7 39. Qc8+
Ke7 40. Qc7+ Kf8 41. Qd6+ Kg7 42. h4 Qf6 43. Qd2 Qf3+ 44. Kg1 Qg4 45. Kg2 Rd7
46. Qe1 Qf5 47. Qe2 Kf7 48. Kh2 Rd3 49. Qc2 Qd5 50. Qe2 Rd1 51. g4 Qh1+ 52. Kg3
Qd5 53. f3 Qd6+ 0-1

[Event "4. Open Ciudad de Tres Cantos 2012"]
[Site "Tres Cantos ESP"]
[Date "2012.06.21"]
[Round "1.18"]
[White "Ruiz Sanchez, Roberto"]
[Black "Pindado Del Carmen, Eliseo"]
[Result "1-0"]
[WhiteElo "2005"]
[BlackElo "1596"]
[PlyCount "71"]
[EventDate "2012.06.21"]
[EventType "swiss"]
[EventRounds "9"]
[EventCountry "ESP"]
[Source "lmi"]
[SourceDate "2012.06.21"]

1. e4 e6 2. d4 d5 3. Nd2 Nf6 4. e5 Nfd7 5. Bd3 c5 6. c3 c4 7. Bc2 a6 8. f4 Be7
9. Ne2 Nf8 10. Nf3 Kd7 11. Be3 b5 12. Qd2 Bb7 13. Rg1 Kc7 14. g4 h6 15. f5 Nc6
16. Nf4 Bc8 17. Qf2 f6 18. Ke2 fxe5 19. dxe5 Kb7 20. Rad1 Qe8 21. fxe6 Nxe6 22.
Nxd5 Bg5 23. Bxg5 Ncd4+ 24. cxd4 hxg5 25. Kd2 Rf8 26. Qe3 Nf4 27. Nxf4 gxf4 28.
Qa3 Rb8 29. Be4+ Ka7 30. Qc5+ Rb6 31. Kc1 a5 32. d5 Bb7 33. e6 Qd8 34. Ne5 Qd6
35. Qxd6 Rxd6 36. Nf7 1-0

[Event "4. Open Ciudad de Tres Cantos 2012"]
[Site "Tres Cantos ESP"]
[Date "2012.06.21"]
[Round "1.20"]
[White "Martin Garcia, Guillermo"]
[Black "Palenciano Escolar, Adrian"]
[Result "1-0"]
[WhiteElo "1977"]
[BlackElo "1595"]
[PlyCount "51"]
[EventDate "2012.06.21"]
[EventType "swiss"]
[EventRounds "9"]
[EventCountry "ESP"]
[Source "lmi"]
[SourceDate "2012.06.21"]

1. e4 e5 2. Nf3 Nc6 3. Bc4 Bc5 4. c3 Nf6 5. d3 O-O 6. Nbd2 d6 7. b4 Bb6 8. a4
a6 9. O-O Be6 10. Re1 Ba7 11. h3 Nb8 12. d4 Bxc4 13. Nxc4 exd4 14. Nxd4 Kh8 15.
Na5 b6 16. Nac6 Nxc6 17. Nxc6 Qe8 18. b5 Nd7 19. Bf4 Nb8 20. Nd4 Nd7 21. Qg4
Bb8 22. Rad1 g6 23. Nc6 axb5 24. axb5 Ra4 25. e5 Nxe5 26. Bxe5+ 1-0

[Event "4. Open Ciudad de Tres Cantos 2012"]
[Site "Tres Cantos ESP"]
[Date "2012.06.21"]
[Round "1.21"]
[White "Salgado Duarte, Pablo"]
[Black "Gomez Celdran, Francisco Miguel"]
[Result "0-1"]
[WhiteElo "1565"]
[BlackElo "1965"]
[PlyCount "48"]
[EventDate "2012.06.21"]
[EventType "swiss"]
[EventRounds "9"]
[EventCountry "ESP"]
[Source "lmi"]
[SourceDate "2012.06.21"]

1. d4 Nf6 2. c4 g6 3. Nc3 d5 4. e3 Bg7 5. Nf3 O-O 6. h3 c6 7. cxd5 cxd5 8. Bd3
Nc6 9. a3 Re8 10. O-O e5 11. dxe5 Nxe5 12. Nxe5 Rxe5 13. Be2 Re8 14. Bf3 Be6
15. Re1 a6 16. Qc2 Bf5 17. Qb3 d4 18. Rd1 Qa5 19. Rxd4 Ne4 20. Ra4 Nc5 21. Qc4
Nxa4 22. Qxa4 Bxc3 23. Qc4 Be5 24. Bxb7 Qe1+ 0-1

[Event "4. Open Ciudad de Tres Cantos 2012"]
[Site "Tres Cantos ESP"]
[Date "2012.06.21"]
[Round "1.22"]
[White "Rodriguez Dorado, Victor"]
[Black "Cortijo Manso, Luis"]
[Result "1-0"]
[WhiteElo "1946"]
[BlackElo "1561"]
[PlyCount "83"]
[EventDate "2012.06.21"]
[EventType "swiss"]
[EventRounds "9"]
[EventCountry "ESP"]
[Source "lmi"]
[SourceDate "2012.06.21"]

1. c4 c5 2. Nf3 g6 3. g3 Bg7 4. Bg2 Nc6 5. Nc3 Nf6 6. O-O O-O 7. d3 e6 8. Be3
b6 9. Qc1 Bb7 10. Bh6 Nd4 11. Bxg7 Kxg7 12. Nxd4 Bxg2 13. Kxg2 cxd4 14. Nb5 e5
15. Qg5 d6 16. Rac1 a6 17. Na3 Nd7 18. Qxd8 Rfxd8 19. b4 a5 20. Nc2 Rdc8 21.
bxa5 Rxa5 22. Nb4 Nc5 23. Rc2 Na4 24. Rb1 Nc3 25. Rbb2 Na4 26. Rb3 Nc5 27. Rb1
Na4 28. Rd2 Nc3 29. Rb3 b5 30. cxb5 Rxb5 31. a3 Na4 32. Kf3 Rc3 33. Rxc3 Nxc3
34. Rb2 f5 35. e3 dxe3 36. fxe3 d5 37. d4 e4+ 38. Kg2 Kf7 39. Kf1 Ke6 40. Ke1
Rb6 41. Nd3 Na4 42. Nc5+ 1-0

[Event "4. Open Ciudad de Tres Cantos 2012"]
[Site "Tres Cantos ESP"]
[Date "2012.06.21"]
[Round "1.23"]
[White "Zuazua Conde, Ivan Javier"]
[Black "Santamaria Baeza, Adolfo"]
[Result "0-1"]
[WhiteElo "1532"]
[BlackElo "1934"]
[PlyCount "74"]
[EventDate "2012.06.21"]
[EventType "swiss"]
[EventRounds "9"]
[EventCountry "ESP"]
[Source "lmi"]
[SourceDate "2012.06.21"]

1. d4 Nf6 2. c4 e6 3. Nc3 Bb4 4. Qc2 b6 5. Nf3 Bb7 6. a3 Bxc3+ 7. Qxc3 c5 8.
dxc5 bxc5 9. Bg5 Bxf3 10. Qxf3 Nc6 11. Bxf6 gxf6 12. Qc3 Rb8 13. e3 Qb6 14. Rb1
Ke7 15. g3 h5 16. Bg2 Qa5 17. Qxa5 Nxa5 18. Bf1 Rb3 19. Be2 h4 20. O-O hxg3 21.
hxg3 Rhb8 22. Rfc1 Rxb2 23. Bd3 Rxb1 24. Bxb1 Nxc4 25. Bd3 Ne5 26. Bf1 Kd6 27.
Rd1+ Kc7 28. Rc1 d6 29. a4 a5 30. Bb5 Rh8 31. Be2 Nc6 32. Rb1 Nb4 33. Bb5 d5
34. Kg2 c4 35. Rc1 Kd6 36. e4 Kc5 37. exd5 exd5 0-1

[Event "4. Open Ciudad de Tres Cantos 2012"]
[Site "Tres Cantos ESP"]
[Date "2012.06.21"]
[Round "1.24"]
[White "Saber, Salah"]
[Black "Infante Martin, Alonso"]
[Result "1-0"]
[WhiteElo "1929"]
[BlackElo "1512"]
[PlyCount "59"]
[EventDate "2012.06.21"]
[EventType "swiss"]
[EventRounds "9"]
[EventCountry "ESP"]
[Source "lmi"]
[SourceDate "2012.06.21"]

1. c4 Nf6 2. Nc3 e6 3. g3 c6 4. Bg2 d5 5. cxd5 exd5 6. d4 Be7 7. Nf3 Nbd7 8.
O-O O-O 9. Re1 Re8 10. e3 Bb4 11. Qc2 Ne4 12. Bd2 Nxd2 13. Qxd2 Nf6 14. Qd3 g6
15. Nh4 Ne4 16. a3 Be7 17. Nxe4 Bxh4 18. Nc5 Bf6 19. b4 b6 20. Nb3 a6 21. Rac1
Bf5 22. Qf1 Qc8 23. Bxd5 Bd7 24. Bg2 Ra7 25. Rc2 Rc7 26. Rec1 Be7 27. Qd3 a5
28. bxa5 bxa5 29. Nxa5 Bxa3 30. Qxa3 1-0

[Event "4. Open Ciudad de Tres Cantos 2012"]
[Site "Tres Cantos ESP"]
[Date "2012.06.21"]
[Round "1.25"]
[White "Bernal Zajarov, Mateo"]
[Black "Lopez Heras, Arturo"]
[Result "0-1"]
[WhiteElo "1506"]
[BlackElo "1926"]
[PlyCount "54"]
[EventDate "2012.06.21"]
[EventType "swiss"]
[EventRounds "9"]
[EventCountry "ESP"]
[Source "lmi"]
[SourceDate "2012.06.21"]

1. d4 Nf6 2. c4 c5 3. Bg5 Ne4 4. Be3 Qa5+ 5. Nd2 cxd4 6. Bxd4 e5 7. Be3 f5 8.
a3 f4 9. b4 fxe3 10. fxe3 Bxb4 11. axb4 Qxb4 12. Ngf3 Nxd2 13. Nxd2 Qc3 14. Kf2
O-O+ 15. Nf3 Qxc4 16. Ra4 Qe6 17. Kg1 Nc6 18. Qd3 Qf5 19. Qd5+ Kh8 20. g4 Qf7
21. Qd3 d5 22. e4 Bxg4 23. exd5 Nd4 24. Bg2 Rac8 25. Kf2 Qxd5 26. Rf1 b5 27.
Ra5 e4 0-1

[Event "4. Open Ciudad de Tres Cantos 2012"]
[Site "Tres Cantos ESP"]
[Date "2012.06.21"]
[Round "1.26"]
[White "Sterling Carmona, Francisco"]
[Black "Ojosnegros Martin, Angel"]
[Result "1-0"]
[WhiteElo "1916"]
[BlackElo "1488"]
[PlyCount "81"]
[EventDate "2012.06.21"]
[EventType "swiss"]
[EventRounds "9"]
[EventCountry "ESP"]
[Source "lmi"]
[SourceDate "2012.06.21"]

1. d4 d5 2. c4 e6 3. Nc3 Nf6 4. Bg5 Be7 5. e3 O-O 6. cxd5 exd5 7. Bd3 Nbd7 8.
Nge2 b6 9. O-O Bb7 10. f3 c5 11. Qd2 Re8 12. Rad1 Nf8 13. Bb5 N8d7 14. Kh1 a6
15. Bd3 Qc7 16. Bb1 Bd6 17. dxc5 bxc5 18. Nf4 Bxf4 19. Bxf4 Qb6 20. Qf2 Ne5 21.
Bg5 Ned7 22. a3 Rab8 23. Bf4 Rbd8 24. Ba2 c4 25. Rfe1 Ne5 26. Bb1 Qc6 27. Ne2
Nd3 28. Bxd3 cxd3 29. Nd4 Qb6 30. Rxd3 Rc8 31. Rb3 Qa7 32. Nf5 Nh5 33. Bg3
Nxg3+ 34. Qxg3 g6 35. Nd6 Ba8 36. Nxc8 Rxc8 37. Qe5 Qc5 38. Rc3 Qf8 39. Rec1
Rxc3 40. Rxc3 h5 41. Rb3 1-0

[Event "4. Open Ciudad de Tres Cantos 2012"]
[Site "Tres Cantos ESP"]
[Date "2012.06.21"]
[Round "1.27"]
[White "Rezola Gimenez, Gonzalo"]
[Black "Marcos Herrero, Francisco"]
[Result "0-1"]
[WhiteElo "1468"]
[BlackElo "1914"]
[PlyCount "74"]
[EventDate "2012.06.21"]
[EventType "swiss"]
[EventRounds "9"]
[EventCountry "ESP"]
[Source "lmi"]
[SourceDate "2012.06.21"]

1. e4 c5 2. Nf3 d6 3. d4 cxd4 4. Nxd4 Nf6 5. Nc3 g6 6. Be2 Bg7 7. O-O O-O 8.
Be3 Nc6 9. Qd2 Ng4 10. Bxg4 Bxg4 11. f3 Bd7 12. Kh1 Re8 13. Rad1 Qa5 14. a3 a6
15. Nd5 Qxd2 16. Rxd2 Rac8 17. Nb6 Rc7 18. Rc1 Nxd4 19. Bxd4 Bh6 20. Nd5 Bxd2
21. Nxc7 Bxc1 22. Nxe8 Bxe8 23. Kg1 f5 24. Kf2 Kf7 25. Ke2 e5 26. Bc3 fxe4 27.
fxe4 Bc6 28. Kf3 Ke6 29. h3 d5 30. exd5+ Bxd5+ 31. Kf2 Be4 32. g4 Bxc2 33. Ke2
Kd5 34. h4 e4 35. Bf6 Kc4 36. h5 gxh5 37. gxh5 Kb3 0-1